| 000 | 00715nam a2200241 i 4500 | ||
|---|---|---|---|
| 001 | bg | ||
| 100 | 1 | _aURBAN, Stanisław. | |
| 245 | 1 | 0 |
_aJak napisać dobrą pracę magisterską / _cStanisław Urban, Wiesław Ładoński. |
| 250 | _aWyd. 2 popr. i uzup. | ||
| 260 |
_aWrocław : _bWydaw. Akademii Ekonomicznej im. Oskara Langego, _c1997. |
||
| 300 |
_a218 s. : _brys., wykr. ; _c24 cm. |
||
| 504 | _aBibliogr. s. 214-218. | ||
| 650 | 9 | _aDysertacje i |prace magisterskie | |
| 655 | _aPoradniki | ||
| 700 | 1 | _aŁADOŃSKI, Wiesław. | |
| 020 | _a8370112994 | ||
| 040 | _cBPK | ||
| 041 | 0 | _apl | |
| 080 | _a378.245 | ||
| 920 | _a83-7011-299-4 | ||
| 942 | _cKS | ||
| 008 | s pl f |000 0 pol | ||
| 999 |
_c33915 _d33915 |
||
| 856 |
_uhttp://koha.tu.koszalin.pl/cgi-bin/koha/opac-detail.pl?biblionumber=33915 _yKatalog online BPK |
||